00361nam a2200145Ia 4500008004100000020001800041082001400059100002200073245002300095250000600118260003900124300001600163500002400179650001200203230524s9999 xx 000 0 und d a9789382332510 a6.66bBHA aPradeep K. Bhatia 0aComputer Graphics  a3 aNew DelhibI.K.Internationalc2013 a"XIV,401p;" aQuantity Number: 1 aComp-Sc